[Event "FIDE World Uni Blitz-B 1st"]
[Site "Tornelo INT"]
[Date "2021.03.13"]
[Round "7.17"]
[White "Jonathan, Anthony"]
[Black "Berdayes Ason, Dylan Isidro"]
[Result "0-1"]
[WhiteElo "1995"]
[BlackElo "2445"]
[PlyCount "145"]
[EventDate "2021.03.13"]
[EventType "swiss (blitz)"]
[EventRounds "10"]
[EventCountry "NET"]
[SourceTitle "EXT 2022"]
[Source "ChessBase"]
[SourceDate "2021.10.06"]
[SourceVersion "1"]
[SourceVersionDate "2021.10.06"]
[SourceQuality "1"]

1. e4 c5 2. Nf3 d6 3. d4 cxd4 4. Nxd4 Nf6 5. f3 Nc6 6. c4 g6 7. Be3 Bg7 8. Qd2 Nxd4 9. Bxd4 Be6 10. Nc3 0-0 11. Be2 Qa5 12. g4 Rfc8 13. b3 a6 14. g5 Nh5 15. Bxg7 Kxg7 16. Rc1 Qe5 17. 0-0 Qf4 18. Rfd1 Rab8 19. Qxf4 Nxf4 20. Bf1 h6 21. gxh6+ Kxh6 22. Nd5 Bxd5 23. cxd5 Kg5 24. Kf2 Kf6 25. Ke3 g5 26. h4 Ng6 27. hxg5+ Kxg5 28. Bh3 Rh8 29. Bg4 Kf6 30. Rh1 Ne5 31. Bf5 e6 32. dxe6 fxe6 33. Bh3 Rbc8 34. f4 Nc6 35. Bg4 Rcg8 36. Bf3 e5 37. f5 Nd4 38. Rxh8 Rxh8 39. Rh1 Rxh1 40. Bxh1 Nc2+ 41. Kd2 Nb4 42. a3 Nc6 43. b4 Nd4 44. Kc3 Kg5 45. Bg2 b5 46. Kd3 Nc6 47. Kc3 Ne7 48. Kd3 Ng8 49. Ke3 Nf6 50. Bf3 Kh4 51. Kf2 Kg5 52. Ke3 Nd7 53. Kf2 Nb6 54. Ke3 Nc4+ 55. Kf2 Nxa3 56. Be2 Nc2 57. Bd3 Nxb4 58. Bb1 Nc6 59. Ke3 Ne7 60. Ba2 a5 61. Be6 b4 62. Bd7 Ng8 63. Kd3 Nf6 64. Bc6 Kf4 65. Kc4 Ke3 66. Kb3 Kd4 67. Ka4 Kc3 68. Bd5 Kd4 69. Kxa5 Nxd5 70. exd5 Kxd5 71. Kxb4 e4 72. Kc3 Ke5 73. Kd2 0-1